X Factor - Judges Quiz Stats

 Plays Quiz not verified by Sporcle

Support Sporcle.
Go Orange.
Score 0/68 Timer 10:00
0 Plays Today
Category & Year Judge % Correct
UK 2004 - Over 25sSimon Cowell
92.6%
UK 2005 - GroupsSimon Cowell
92.6%
UK 2006 - Under 25sSimon Cowell
92.6%
UK 2007 - GroupsSimon Cowell
92.6%
UK 2008 - BoysSimon Cowell
92.6%
UK 2009 - Over 25sSimon Cowell
92.6%
UK 2010 - GroupsSimon Cowell
92.6%
USA 2011 - GirlsSimon Cowell
92.6%
USA 2012 - GroupsSimon Cowell
92.6%
USA 2013 - GroupsSimon Cowell
92.6%
UK 2004 - GroupsLouis Walsh
86%
UK 2005 - Under 25sLouis Walsh
86%
UK 2006 - GroupsLouis Walsh
86%
UK 2007 - Over 25sLouis Walsh
86%
UK 2008 - GroupsLouis Walsh
86%
UK 2009 - GroupsLouis Walsh
86%
UK 2010 - Over 28sLouis Walsh
86%
UK 2011 - Over 25sLouis Walsh
86%
UK 2012 - GroupsLouis Walsh
86%
UK 2013 - BoysLouis Walsh
86%
UK 2004 - Under 25sSharon Osbourne
79.5%
UK 2005 - Over 25sSharon Osbourne
79.5%
UK 2006 - Over 25sSharon Osbourne
79.5%
UK 2007 - GirlsSharon Osbourne
79.5%
UK 2013 - Over 25sSharon Osbourne
79.5%
UK 2008 - GirlsCheryl Cole
78.2%
UK 2009 - BoysCheryl Cole
78.2%
UK 2010 - GirlsCheryl Cole
78.2%
UK 2011 - BoysGary Barlow
70.3%
UK 2012 - Over 28sGary Barlow
70.3%
UK 2013 - GroupsGary Barlow
70.3%
UK 2011 - GirlsKelly Rowland
64.6%
UK 2012 - BoysNicole Scherzinger
64.6%
UK 2013 - GirlsNicole Scherzinger
64.6%
Category & Year Judge % Correct
USA 2011 - Over 30sNicole Scherzinger
64.6%
USA 2013 - Over 25sKelly Rowland
64.6%
UK 2007 - BoysDannii Minogue
62%
UK 2008 - Over 25sDannii Minogue
62%
UK 2009 - GirlsDannii Minogue
62%
UK 2010 - BoysDannii Minogue
62%
AUS 2013 - Over 24sDannii Minogue
62%
USA 2012 - Young AdultsDemi Lovato
52%
USA 2013 - GirlsDemi Lovato
52%
USA 2012 - TeensBritney Spears
47.6%
UK 2011 - GroupsTulisa Contostavlos
46.7%
UK 2012 - GirlsTulisa Contostavlos
46.7%
USA 2011 - BoysL.A. Reid
42.4%
USA 2012 - Over 25sL.A. Reid
42.4%
USA 2011 - GroupsPaula Abdul
41.9%
AUS 2011 - GirlsMel B
40.2%
AUS 2012 - BoysMel B
40.2%
USA 2013 - BoysPaulina Rubio
36.7%
AUS 2010 - Over 25sRonan Keating
27.5%
AUS 2011 - GroupsRonan Keating
27.5%
AUS 2012 - GroupsRonan Keating
27.5%
AUS 2013 - BoysRonan Keating
27.5%
AUS 2010 - GroupsGuy Sebastian
27.1%
AUS 2011 - BoysGuy Sebastian
27.1%
AUS 2012 - Over 25sGuy Sebastian
27.1%
AUS 2013 - GirlsRedfoo
24%
AUS 2010 - GirlsNatalie Imbruglia
21.8%
AUS 2010 - BoysKyle Sandilands
19.2%
AUS 2011 - Over 25sNatalie Bassingthwaighte
18.3%
AUS 2012 - GirlsNatalie Bassingthwaighte
18.3%
AUS 2013 - GroupsNatalie Bassingthwaighte
18.3%
AUS 2005 - Over 25sJohn Reid
15.7%
AUS 2005 - GroupsMark Holden
15.7%
AUS 2005 - Under 25sKate Ceberano
15.3%

You're not logged in!

Compare scores with friends on all Sporcle quizzes.
OR
Log In

From the Vault

Animal Spelling Bee II

by Pilgab

Well we already got bee. So that gives you a one bug sized head start.
Remove Ads.
Support Sporcle.
Get the best of Sporcle when you Go Orange. This ad-free experience offers more features, more stats, and more fun while also helping to support Sporcle. Thank you for becoming a member.

Show Comments

Extras

Top Quizzes Today


Score Distribution

Your Account Isn't Verified!

In order to create a playlist on Sporcle, you need to verify the email address you used during registration. Go to your Sporcle Settings to finish the process.

Report this User

Report this user for behavior that violates our Community Guidelines.

Details: